Couleurs qui se mangent par lettres - Statistiques

Statistiques générales
  • Ce quiz a été pris 157 fois
  • Le résultat moyen est 5 sur 21
Statistiques - réponses
Couleur Réponse % Correct
B Banane
65%
O Olive
58%
P Prune
42%
A Avocat
41%
T Tomate
39%
G Grenadine
38%
N Noisette
38%
M Menthe
24%
L Lime
20%
C Crème
15%
V Vanille
13%
F Figue de Barbarie
12%
Q Quetsche
12%
K Kumquat
10%
Y Yuzu
8%
E Ecrevisse
7%
J Jujube
5%
R Réglisse
4%
S Safran
4%
D Dragée
3%
Z Zabriko
0%
Aucun quiz correspondant
Distribution des résultats
% des personnes avec chaque résultat
Percentile par nombre de réponses
Votre historique - résultats
Vous n’avez pas pris ce quiz